000 00347nam a2200121Ia 4500
003 GCL
008 140319s9999 xx 000 0 eng d
040 _aGCL /
_cGCL
082 0 4 _a621.42
_bOT
245 1 0 _aThermodynanamics And gas Dynamics of The stirling cycle Machine
260 _a[S.N] :
_bMacmillan Publishing Company ،
_c1992
300 _a415 PP
999 _c17640
_d17640